Billboard Hot 100 (02/11/2023) With Google Definitions - Statistics

General Stats
  • This quiz has been taken 5 times
  • The average score is 10 of 100
Answer Stats
Title by Word for Word Google Definition Title % Correct
a central character in a story, movie, or drama who lacks conventional heroic attributes. Anti-Hero
100%
the seed-bearing part of a plant, consisting of reproductive organs (stamens and carpels) that are typically surrounded by a brightly colored corolla (petals) and a green calyx (sepals). Flowers
80%
1) cause the death of (a person, animal, or other living thing). 2) an amount of money owed for goods supplied or services rendered, set out in a printed or written statement of charges. Kill Bill
80%
1) (of a person, animal, or plant) stop living. 2) *for* 3) used to refer to the person or people that the speaker is addressing. Die For You
60%
1) a pale blue color with a trace of mauve. 2) a slight obscuration of the lower atmosphere, typically caused by fine suspended particles. Lavender Haze
60%
1) colored or shining like gold. 2) a period of time equal to a twenty-fourth part of a day and night and divided into 60 minutes. Golden Hour
40%
*10:35* 10:35
20%
*Amg* Amg
20%
1) used in comparisons to refer to the extent or degree of something. 2) used to refer to a thing previously mentioned or easily identified. 3) first and third person singular past of be. As It Was
20%
1) of poor quality or a low standard. 2) a settled or regular tendency or practice, especially one that is hard to give up. Bad Habit
20%
1) make (someone) tranquil and quiet; soothe. 2) toward or in a lower place or position, especially to or on the ground or another surface. Calm Down
20%
move slowly and carefully in order to avoid being heard or noticed. Creepin'
20%
the first appearance of light in the sky before sunrise. Dawns
20%
1) move from one place to another; travel. 2) move from one place to another; travel. 3) no longer present; departed. Going, Going, Gone
20%
1) a hollow muscular organ that pumps the blood through the circulatory system by rhythmic contraction and dilation. In vertebrates there may be up to four chambers (as in humans), with two atria and two ventricles. 2) (of a person or thing) having similar qualities or characteristics to another person or thing. 3) used when referring to someone or something for the first time in a text or conversation. 4) a large, heavy motor vehicle used for transporting goods, materials, or troops. Heart Like A Truck
20%
1) in, at, or to this place or position. 2) accompanied by (another person or thing). 3) used by a speaker to refer to himself or herself as the object of a verb or preposition. Here With Me
20%
1) used by a speaker to refer to himself or herself. 2) find agreeable, enjoyable, or satisfactory. 3) used to refer to the person or people that the speaker is addressing. I Like You
20%
1) I am. 2) to be desired or approved of. I'm Good
20%
1) coming after all others in time or order; final. 2) the period of darkness in each twenty-four hours; the time from sunset to sunrise. Last Night
20%
1) an intense feeling of deep affection. 2) another time; once more. Love Again
20%
of less than average height from top to bottom or to the top from the ground. Low
20%
1) no person; no one. 2) come to have or hold (something); receive. 3) used by a speaker to refer to himself or herself as the object of a verb or preposition. Nobody Gets Me
20%
spoken or written words that have no meaning or make no sense. Nonsense
20%
1) having a great deal of money or assets; wealthy. 2) (with reference to a limb or joint) bend or become bent. Rich Flex
20%
1) used to refer to a woman, girl, or female animal previously mentioned or easily identified. 2) possess, own, or hold. 3) used by a speaker to refer to himself or herself as the object of a verb or preposition. 4) expressing location or arrival in a particular place or position. 5) the upper part of the human body, or the front or upper part of the body of an animal, typically separated from the rest of the body by a neck, and containing the brain, mouth, and sense organs. 6) *Carolina* She Had Me At Heads Carolina
20%
a garment for the upper body made of cotton or a similar fabric, with a collar, sleeves, and buttons down the front. Shirt
20%
have a short, light sleep, especially during the day. Snooze
20%
a panel in the roof of a car that can be opened for extra ventilation. Sunroof
20%
1) especially; very. 2) very odd, strange, or eccentric. 3) a female child or adolescent. Super Freaky Girl
20%
a benevolent fictional character with superhuman powers, such as Superman. Superhero
20%
1) *Tennessee* 2) a round juicy citrus fruit with a tough bright reddish-yellow rind. Tennessee Orange
20%
1) express gratitude to (someone), especially by saying “Thank you”. 2) (in Christianity and other monotheistic religions) the creator and ruler of the universe and source of all moral authority; the supreme being. Thank God
20%
1) on the day after today. 2) *2* Tomorrow 2
20%
sinful; wicked. Unholy
20%
1) up to (the point in time or the event mentioned). 2) used by a speaker to refer to himself or herself. 3) discover or perceive by chance or unexpectedly. 4) used to refer to the person or people that the speaker is addressing. Until I Found You
20%
1) a spirit distilled from malted grain, especially barley or rye. 2) physically in contact with and supported by (a surface). 3) used to refer to the person or people that the speaker is addressing. Whiskey On You
20%
1) used to refer to the person or people that the speaker is addressing. 2) able to withstand something damaging; resistant. You Proof
20%
1) on the subject of; concerning. 2) used for emphasis or to express anger or frustration. 3) the indefinite continued progress of existence and events in the past, present, and future regarded as a whole. About Damn Time
0%
1) the rear surface of the human body from the shoulders to the hips. 2) a final part of something, especially a period of time, an activity, or a story. Back End
0%
TRANSLATE TO SPANISH: 1) a very young child, especially one newly or recently born. 2) give me (not acceptable in standard use). Bebe Dame
0%
unable to see because of injury, disease, or a congenital condition. Blind
0%
1) covered, smeared, or running with blood. 2) an Aboriginal woman. Bloody Mary
0%
1) *California* 2) a gentle wind. California Breeze
0%
1) *Circo* 2) insane; crazy. Circo Loco
0%
1) secure with handcuffs. 2) used to refer to a thing previously mentioned or easily identified. Cuff It
0%
1) move rhythmically to music, typically following a set sequence of steps. 2) expressing the situation of something that is or appears to be enclosed or surrounded by something else. 3) denoting one or more people or things already mentioned or assumed to be common knowledge. 4) a nation with its own government, occupying a particular territory. Dancin' In The Country
0%
the same thing again (used in lists and accounts and often indicated by a ditto mark under the word or figure to be repeated). Ditto
0%
1) perform (an action, the precise nature of which is often unspecified). 2) used to refer to a thing previously mentioned or easily identified. 3) another time; once more. Do It Again
0%
the tendency to seek distraction and relief from unpleasant realities, especially by seeking entertainment or engaging in fantasy. Escapism.
0%
1) all things; all the things of a group or class. 2) used by a speaker to refer to himself or herself. 3) feel deep affection for (someone). Everything I Love
0%
TRANSLATE TO SPANISH: the period from Friday evening through Sunday evening, especially regarded as a time for leisure. Fin De Semana
0%
1) fail to remember. 2) used by a speaker to refer to himself or herself as the object of a verb or preposition. Forget Me
0%
denoting a contest or version of a sport in which there are few restrictions on the moves or techniques that competitors employ. Freestyle
0%
TRANSLATE TO SPANISH: 1) a small domesticated carnivorous mammal with soft fur, a short snout, and retractable claws. It is widely kept as a pet or for catching mice, and many breeds have been developed. 2) expressing the relationship between a part and a whole. 3) the period of darkness in each twenty-four hours; the time from sunset to sunrise. Gato De Noche
0%
1) (of a living thing) undergo natural development by increasing in size and changing physically; progress to maturity. 2) toward a higher place or position. 3) used to connect words of the same part of speech, clauses, or sentences, that are to be taken jointly. 4) come to have or hold (something); receive. 5) having lived for a long time; no longer young. Growin' Up And Gettin' Old
0%
1) the part by which a thing is held, carried, or controlled. 2) physically in contact with and supported by (a surface). 3) used to refer to the person or people that the speaker is addressing. Handle On You
0%
1) a hollow muscular organ that pumps the blood through the circulatory system by rhythmic contraction and dilation. In vertebrates there may be up to four chambers (as in humans), with two atria and two ventricles. 2) expressing motion in the direction of (a particular location). 3) a hollow muscular organ that pumps the blood through the circulatory system by rhythmic contraction and dilation. In vertebrates there may be up to four chambers (as in humans), with two atria and two ventricles. Heart To Heart
0%
TRANSLATE WORD #2 TO SPANISH: 1) used to attract attention, to express surprise, interest, or annoyance, or to elicit agreement. 2) one's mother. Hey Mor
0%
a human being, especially a person as distinguished from an animal or (in science fiction) an alien. Human
0%
1) used by a speaker to refer to himself or herself. 2) am not; are not; is not. 3) anxious or troubled about actual or potential problems. I Ain't Worried
0%
1) I am. 2) used with an auxiliary verb or “be” to form the negative. 3) in, at, or to this place or position. 4) expressing motion in the direction of (a particular location). 5) form (something) by putting parts together or combining substances; construct; create. 6) a person whom one knows and with whom one has a bond of mutual affection, typically exclusive of sexual or family relations. I'm Not Here To Make Friends
0%
1) used by a speaker to refer to himself or herself. 2) feel or express a strong desire or hope for something that is not easily attainable; want something that cannot or probably will not happen. 3) used to refer to the person or people that the speaker is addressing. 4) a prickly bush or shrub that typically bears red, pink, yellow, or white fragrant flowers, native to north temperate regions. Numerous hybrids and cultivars have been developed and are widely grown as ornamentals. I Wish You Roses
0%
1) used by a speaker to refer to himself or herself. 2) mark (letters, words, or other symbols) on a surface, typically paper, with a pen, pencil, or similar implement. 3) denoting one or more people or things already mentioned or assumed to be common knowledge. 4) a written or printed work consisting of pages glued or sewn together along one side and bound in covers. I Wrote The Book
0%
1) exactly. 2) want to; want a. 3) the solid mineral material forming part of the surface of the earth and other similar planets, exposed on the surface or underlying the soil or oceans. Just Wanna Rock
0%
1) (in the Middle Ages) a man who served his sovereign or lord as a mounted soldier in armor. 2) a thing that crawls or moves at a slow pace, especially an insect. Knight Crawler
0%
TRANSLATE WORD #1 SPANISH: 1) denoting one or more people or things already mentioned or assumed to be common knowledge. 2) a style of romantic music originating in the Dominican Republic. La Bachata
0%
TRANSLATE TO SPANISH: 1) denoting one or more people or things already mentioned or assumed to be common knowledge. 2) push oneself off a surface and into the air by using the muscles in one's legs and feet. La Jumpa
0%
1) raise to a higher position or level. 2) used by a speaker to refer to himself or herself as the object of a verb or preposition. 3) toward a higher place or position. Lift Me Up
0%
1) an intense feeling of deep affection. 2) the principal method of human communication, consisting of words used in a structured and conventional way and conveyed by speech, writing, or gesture. Love Language
0%
1) feel deep affection for (someone). 2) used to refer to the person or people that the speaker is addressing. 3) of a more excellent or effective type or quality. Love You Better
0%
1) form (something) by putting parts together or combining substances; construct; create. 2) used to refer to the person or people that the speaker is addressing. 3) direct one's gaze toward someone or something or in a specified direction. Made You Look
0%
1) vocal or instrumental sounds (or both) combined in such a way as to produce beauty of form, harmony, and expression of emotion. 2) a period devoted to a particular activity. 3) quantity or power of sound; degree of loudness. 4) *53* Music Sessions, Vol. 53
0%
1) at no time in the past or future; on no occasion; not ever. 2) going to. 3) used with an auxiliary verb or “be” to form the negative. 4) move rhythmically to music, typically following a set sequence of steps. 5) another time; once more. Never Gonna Not Dance Again
0%
1) (of a time or season) coming immediately after the time of writing or speaking. 2) an object that one need not, cannot, or does not wish to give a specific name to. 3) used to refer to the person or people that the speaker is addressing. 4) be aware of through observation, inquiry, or information. Next Thing You Know
0%
TRANSLATE TO SPANISH: 1) used to refer to a thing previously mentioned or easily identified. 2) does not. 3) move from one place to another; travel. No Se Va
0%
used to express shock, excitement, disbelief, etc. Omg
0%
1) the lowest cardinal number; half of two; 1. 2) an object that one need not, cannot, or does not wish to give a specific name to. 3) expressing location or arrival in a particular place or position. 4) used when referring to someone or something for the first time in a text or conversation. 5) the indefinite continued progress of existence and events in the past, present, and future regarded as a whole. One Thing At A Time
0%
a person taking part in a sport or game. Players
0%
TRANSLATE TO SPANISH: 1) move or travel toward or into a place thought of as near or familiar to the speaker. 2) toward the rear; in the opposite direction from the one that one is facing or traveling. Que Vuelvas
0%
1) the solid mineral material forming part of the surface of the earth and other similar planets, exposed on the surface or underlying the soil or oceans. 2) used to connect words of the same part of speech, clauses, or sentences, that are to be taken jointly. 3) used when referring to someone or something for the first time in a text or conversation. 4) solid, firm, and rigid; not easily broken, bent, or pierced. 5) a particular position or point in space. Rock And A Hard Place
0%
1) move (something) into position so as to block an opening; close. 2) toward a higher place or position. 3) belonging to or associated with the speaker. 4) one's mother. 5) contact or attempt to contact (a person or number) by phone. Shut Up My Moms Calling
0%
break or cause to break suddenly and completely, typically with a sharp cracking sound. Snap
0%
1) a thing that is unspecified or unknown. 2) expressing the situation of something that is or appears to be enclosed or surrounded by something else. 3) denoting one or more people or things already mentioned or assumed to be common knowledge. 4) reddish yellow in color. Something In The Orange
0%
1) turn or cause to turn or whirl around quickly. 2) a short period of intense activity of a specified kind. 3) the twenty-first letter of the alphabet. Spin Bout U
0%
1) confident in what one thinks or knows; having no doubt that one is right. 2) an object that one need not, cannot, or does not wish to give a specific name to. Sure Thing
0%
1) *Tennessee* 2) a person who has a strong interest in or admiration for a particular person or thing. Tennessee Fan
0%
1) used to introduce or follow a clarification, interpretation, or correction of something already said. 2) asking for information specifying something. 3) a Mexican liquor made from an agave. 4) perform (an action, the precise nature of which is often unspecified). That's What Tequila Does
0%
1) denoting one or more people or things already mentioned or assumed to be common knowledge. 2) of the very darkest color owing to the absence of or complete absorption of light; the opposite of white. 3) a member of a North American people of the Creek confederacy, noted for resistance in the 19th century to encroachment on their land in Georgia and Florida. Many were resettled in Oklahoma. The Black Seminole.
0%
1) denoting one or more people or things already mentioned or assumed to be common knowledge. 2) the property possessed by an object of producing different sensations on the eye as a result of the way the object reflects or emits light. 3) a bluish-purple color seen at the end of the spectrum opposite red. The Color Violet
0%
1) denoting one or more people or things already mentioned or assumed to be common knowledge. 2) a group of people or things having similar characteristics. 3) expressing the relationship between a part and a whole. 4) an intense feeling of deep affection. 5) used by a speaker to refer to himself or herself and one or more other people considered together. 6) form (something) by putting parts together or combining substances; construct; create. The Kind Of Love We Make
0%
1) have a particular opinion, belief, or idea about someone or something. 2) used to refer to the person or people that the speaker is addressing. 3) used to indicate obligation, duty, or correctness, typically when criticizing someone's actions. 4) be aware of through observation, inquiry, or information. Thought You Should Know
0%
1) to a higher degree than is desirable, permissible, or possible; excessively. 2) a large number of people or things. 3) the period of darkness in each twenty-four hours; the time from sunset to sunrise. Too Many Nights
0%
1) extending or directly below. 2) denoting one or more people or things already mentioned or assumed to be common knowledge. 3) the capacity to have an effect on the character, development, or behavior of someone or something, or the effect itself. Under The Influence
0%
impossible to stop or prevent. Unstoppable
0%
1) stay where one is or delay action until a particular time or until something else happens. 2) *for* 3) the twenty-first letter of the alphabet. Wait For U
0%
1) stay where one is or delay action until a particular time or until something else happens. 2) expressing the situation of something that is or appears to be enclosed or surrounded by something else. 3) denoting one or more people or things already mentioned or assumed to be common knowledge. 4) a large, heavy motor vehicle used for transporting goods, materials, or troops. Wait In The Truck
0%
1) asking for information specifying something. 2) used to refer to a man, boy, or male animal previously mentioned or easily identified. 3) did not. 4) perform (an action, the precise nature of which is often unspecified). What He Didn't Do
0%
1) asking for information specifying something. 2) belonging to or associated with the speaker. 3) the earth, together with all of its countries, peoples, and natural features. 4) turn or cause to turn or whirl around quickly. 5) located or situated on every side. What My World Spins Around
0%
1) lacking discipline or restraint. 2) used in comparisons to refer to the extent or degree of something. 3) used as the object of a verb or preposition to refer to a female person or animal previously mentioned or easily identified. Wild As Her
0%
1) used to refer to the person or people that the speaker is addressing. 2) did not. You Didn't
0%
No matching quizzes found
Score Distribution
Percent of People with Each Score
Percentile by Number Answered
Your Score History
You have not taken this quiz